[Event "KAZ-ch (Women)"]
[Site "Astana"]
[Date "2012.04.08"]
[Round "3"]
[White "Alpysbayeva, Aigerim"]
[Black "Bayzhanova, Zhanar"]
[Result "0-1"]
[WhiteElo "2005"]
[BlackElo "1836"]
[PlyCount "117"]
[EventDate "2012.04.06"]
[EventType "swiss"]
[EventRounds "9"]
[EventCountry "KAZ"]
[SourceTitle "CBM 148 Extra"]
[Source "ChessBase"]
[SourceDate "2012.06.22"]
[SourceVersion "1"]
[SourceVersionDate "2012.06.22"]
[SourceQuality "1"]

1. d4 Nf6 2. g3 d5 3. Bg2 g6 4. Nf3 Bg7 5. 0-0 0-0 6. Nbd2 c6 7. Re1 Ne4 8. Nxe4 dxe4 9. Ne5 f6 10. Nc4 Be6 11. b3 b5 12. Nb2 f5 13. e3 Na6 14. c4 Rb8 15. Qe2 Qb6 16. Bf1 Bf7 17. Bg2 e5 18. c5 Qb7 19. Rd1 Rbd8 20. g4 exd4 21. exd4 Bxd4 22. Bh6 Bg7 23. Bxg7 Kxg7 24. gxf5 gxf5 25. Qe3 Qe7 26. b4 Qf6 27. Qa3 Nb8 28. Rab1 a6 29. Kh1 Kh8 30. f3 Bd5 31. fxe4 Bxe4 32. Bxe4 Rxd1+ 33. Nxd1 fxe4 34. Qc3 Nd7 35. Qxf6+ Nxf6 36. Nc3 Re8 37. a3 Kg7 38. Re1 Kg6 39. Kg2 Kf5 40. Rd1 Ke5 41. Rd6 Re6 42. Rd8 Ng4 43. Ra8 Kd4 44. Ne2+ Ke3 45. Ng3 Rf6 46. Re8 Nf2 47. Rd8 Nd3 48. Re8 Nf4+ 49. Kg1 Ne6 50. Nf1+ Kd3 51. Re7 e3 52. Rd7+ Nd4 53. Ng3 Kc4 54. Re7 Re6 55. Rxh7 e2 56. Nxe2 Nxe2+ 57. Kf2 Nd4 58. Ra7 Re2+ 59. Kg1 0-1

[Event "KAZ-ch (Women)"]
[Site "Astana"]
[Date "2012.04.07"]
[Round "2"]
[White "Davletbayeva, Madina"]
[Black "Alpysbayeva, Aigerim"]
[Result "1-0"]
[WhiteElo "2206"]
[BlackElo "2005"]
[PlyCount "55"]
[EventDate "2012.04.06"]
[EventType "swiss"]
[EventRounds "9"]
[EventCountry "KAZ"]
[SourceTitle "CBM 148 Extra"]
[Source "ChessBase"]
[SourceDate "2012.06.22"]
[SourceVersion "1"]
[SourceVersionDate "2012.06.22"]
[SourceQuality "1"]

1. e4 c5 2. Nf3 d6 3. d4 cxd4 4. Nxd4 Nf6 5. Nc3 g6 6. f4 Bg7 7. e5 Ng4 8. Bb5+ Kf8 9. h3 Nh6 10. 0-0 a6 11. Ba4 Nf5 12. Nxf5 gxf5 13. Be3 Nc6 14. exd6 exd6 15. Qd2 h5 16. Rad1 Rh6 17. Bb3 Kg8 18. Rf3 Rg6 19. Bf2 Qf6 20. Qe1 Bf8 21. Rg3 Bd7 22. Rxg6+ Qxg6 23. Rd3 Kh7 24. Rg3 Qf6 25. Qd1 Bh6 26. Qxh5 Rf8 27. Nd5 Qxb2 28. c3 1-0

[Event "KAZ-ch U20 Girls"]
[Site "Kostanay"]
[Date "2012.02.09"]
[Round "7"]
[White "Alpysbayeva, Aigerim"]
[Black "Manabayeva, Aiya"]
[Result "1-0"]
[WhiteElo "1991"]
[BlackElo "1870"]
[PlyCount "24"]
[EventDate "2012.02.04"]
[EventType "swiss"]
[EventRounds "9"]
[EventCountry "KAZ"]
[SourceTitle "EXT 2014"]
[Source "ChessBase"]
[SourceDate "2013.11.20"]
[SourceVersion "1"]
[SourceVersionDate "2013.11.20"]
[SourceQuality "1"]

1. a3 Nf6 2. c4 e6 3. Nc3 b6 4. d3 Bb7 5. Nf3 Be7 6. g3 0-0 7. Bg2 d5 8. cxd5 exd5 9. d4 Nbd7 10. 0-0 c5 11. Bf4 cxd4 12. Nxd4 Nc5 1-0

[Event "New Delhi Parsvnath op 10th"]
[Site "New Delhi"]
[Date "2012.01.18"]
[Round "6"]
[White "Nitin, Senthilvel"]
[Black "Alpysbayeva, Aigerim"]
[Result "1-0"]
[WhiteElo "2399"]
[BlackElo "1991"]
[PlyCount "61"]
[EventDate "2012.01.15"]
[EventType "swiss"]
[EventRounds "11"]
[EventCountry "IND"]
[SourceTitle "CBM 146 Extra"]
[Source "ChessBase"]
[SourceDate "2012.02.29"]
[SourceVersion "1"]
[SourceVersionDate "2012.02.29"]
[SourceQuality "1"]

1. e4 c5 2. Nf3 e6 3. d4 cxd4 4. Nxd4 Nf6 5. Bd3 Nc6 6. Nxc6 bxc6 7. 0-0 d5 8. Nd2 Bc5 9. c4 0-0 10. Qc2 d4 11. e5 Ng4 12. Nf3 f5 13. exf6 Nxf6 14. Bg5 h6 15. Bh4 Bd7 16. Rfe1 Qc8 17. a3 a5 18. Qe2 Rb8 19. Qe5 Be7 20. Qxd4 c5 21. Qc3 a4 22. Bc2 Qb7 23. Ne5 Be8 24. Qh3 Qxb2 25. Qxe6+ Bf7 26. Nxf7 Qxc2 27. Ne5+ Kh7 28. Qxe7 Rbe8 29. Qxc5 Ne4 30. Qd4 Nc3 31. Qd3+ 1-0

[Event "New Delhi Parsvnath op 10th"]
[Site "New Delhi"]
[Date "2012.01.17"]
[Round "4"]
[White "Alpysbayeva, Aigerim"]
[Black "Abhishek, Das"]
[Result "1-0"]
[WhiteElo "1991"]
[BlackElo "2354"]
[PlyCount "116"]
[EventDate "2012.01.15"]
[EventType "swiss"]
[EventRounds "11"]
[EventCountry "IND"]
[SourceTitle "CBM 146 Extra"]
[Source "ChessBase"]
[SourceDate "2012.02.29"]
[SourceVersion "1"]
[SourceVersionDate "2012.02.29"]
[SourceQuality "1"]

1. d4 d5 2. Nf3 e6 3. g3 c5 4. c3 Nc6 5. Bg2 Nf6 6. 0-0 Bd6 7. Nbd2 0-0 8. Re1 b6 9. e4 dxe4 10. Nxe4 Nxe4 11. Rxe4 Bb7 12. Rh4 Be7 13. Rh5 g6 14. Rh6 cxd4 15. cxd4 Bf6 16. Be3 Ne7 17. g4 Rc8 18. Qd2 Rc7 19. Rh3 Qc8 20. Ng5 Bxg2 21. Kxg2 Rc2 22. Qd3 Bxg5 23. Bxg5 Nd5 24. Qg3 f6 25. Qh4 Rf7 26. Be3 Rxb2 27. Rf3 Qc6 28. Kg1 Nc3 29. Kg2 Nd5 30. Kg1 b5 31. Qg3 Qc7 32. Qg2 Qc2 33. Bh6 Rc7 34. h4 Rb1+ 35. Rxb1 Qxb1+ 36. Kh2 Qxa2 37. Rxf6 Qa3 38. Rxe6 Ne7 39. d5 Qb3 40. Rf6 Rc8 41. d6 Qc3 42. Rf3 Qe5+ 43. Bf4 Qf6 44. g5 Qe6 45. dxe7 Qxe7 46. Re3 Qf7 47. Be5 Re8 48. Qg3 Qc4 49. Rc3 Qe2 50. Bf6 Re4 51. Rc8+ Kf7 52. Rc7+ Ke6 53. Rc6+ Kf5 54. Rc5+ Ke6 55. Qb3+ Rc4 56. Re5+ Qxe5+ 57. Bxe5 Kxe5 58. Qxb5+ Kd4 1-0

[Event "New Delhi Parsvnath op 10th"]
[Site "New Delhi"]
[Date "2012.01.17"]
[Round "5"]
[White "Alpysbayeva, Aigerim"]
[Black "Rajesh, VAV"]
[Result "0-1"]
[WhiteElo "1991"]
[BlackElo "2338"]
[PlyCount "86"]
[EventDate "2012.01.15"]
[EventType "swiss"]
[EventRounds "11"]
[EventCountry "IND"]
[SourceTitle "CBM 146 Extra"]
[Source "ChessBase"]
[SourceDate "2012.02.29"]
[SourceVersion "1"]
[SourceVersionDate "2012.02.29"]
[SourceQuality "1"]

1. d4 Nf6 2. c4 g6 3. Nc3 d5 4. cxd5 Nxd5 5. e4 Nxc3 6. bxc3 Bg7 7. Nf3 c5 8. Bb5+ Bd7 9. Bxd7+ Nxd7 10. 0-0 0-0 11. e5 cxd4 12. cxd4 Nb6 13. Bg5 Qd7 14. Qb3 Nd5 15. Rfd1 Rfc8 16. Rac1 h6 17. Be3 Bf8 18. Nd2 Rc6 19. Ne4 Rb6 20. Qc2 Qf5 21. Nc5 Qxc2 22. Rxc2 Rc8 23. Bd2 e6 24. g3 h5 25. Rcc1 Bxc5 26. dxc5 Rb5 27. c6 Rxc6 28. Rxc6 bxc6 29. Rc1 Rb2 30. Bh6 Rxa2 31. Rxc6 Re2 32. Ra6 Rxe5 33. Rxa7 g5 34. Ra8+ Kh7 35. Bf8 g4 36. Kg2 Re2 37. Bc5 Rc2 38. Bd4 Rd2 39. Bc5 Rc2 40. Bd4 Kg6 41. h4 Kf5 42. Rh8 Ke4 43. Bg7 Rc7 0-1

[Event "KAZ-ch (Women)"]
[Site "Kokshetau"]
[Date "2011.04.05"]
[Round "2"]
[White "Alpysbayeva, Aigerim"]
[Black "Bauyrzhan, Arnash"]
[Result "1-0"]
[WhiteElo "1949"]
[BlackElo "1890"]
[PlyCount "51"]
[EventDate "2011.04.04"]
[EventType "swiss"]
[EventRounds "9"]
[EventCountry "KAZ"]
[SourceTitle "EXT 2013"]
[Source "ChessBase"]
[SourceDate "2012.11.22"]
[SourceVersion "1"]
[SourceVersionDate "2012.11.22"]
[SourceQuality "1"]

1. d4 Nf6 2. Nf3 g6 3. g3 Bg7 4. Bg2 0-0 5. 0-0 d6 6. c4 Nc6 7. Nc3 a6 8. Bg5 h6 9. Bf4 Rb8 10. a3 Nh5 11. Be3 e5 12. dxe5 dxe5 13. Bc5 Re8 14. e4 Be6 15. Nd5 b6 16. Be3 Nf6 17. Qc2 Bxd5 18. cxd5 Na5 19. Rac1 Re7 20. Nd2 Ng4 21. Rfe1 Qd6 22. b4 Nxe3 23. Rxe3 Nb7 24. Rc3 a5 25. Rc6 Qd8 26. Rxc7 1-0

[Event "Pavlodar op"]
[Site "Pavlodar"]
[Date "2010.12.04"]
[Round "5"]
[White "Kazakov, Konstantin"]
[Black "Alpysbayeva, Aigerim"]
[Result "1-0"]
[WhiteElo "2322"]
[BlackElo "1971"]
[PlyCount "52"]
[EventDate "2010.11.30"]
[EventType "swiss"]
[EventRounds "10"]
[EventCountry "KAZ"]
[SourceTitle "EXT 2012"]
[Source "ChessBase"]
[SourceDate "2011.11.24"]
[SourceVersion "1"]
[SourceVersionDate "2011.11.24"]
[SourceQuality "1"]

1. e4 c5 2. Nf3 Nc6 3. Bb5 Qc7 4. 0-0 g6 5. Nc3 e6 6. Bxc6 bxc6 7. e5 f6 8. Re1 Bg7 9. exf6 Nxf6 10. d4 cxd4 11. Qxd4 0-0 12. Bf4 Qb6 13. Bd6 Qxd4 14. Nxd4 Ba6 15. Bxf8 Rxf8 16. Rad1 Nd5 17. Ne4 Nf4 18. Nc5 Bc8 19. c3 Re8 20. g3 Nd5 21. Ne4 Ba6 22. Nb3 Bc4 23. Nbc5 Nb6 24. Nd6 Rf8 25. Nxd7 Nxd7 26. Nxc4 Nc5 1-0

[Event "Maralsay op"]
[Site "Maralsay"]
[Date "2010.08.22"]
[Round "7"]
[White "Kusluvan, Yekaterina"]
[Black "Alpysbayeva, Aigerim"]
[Result "1-0"]
[WhiteElo "1970"]
[BlackElo "1969"]
[PlyCount "61"]
[EventDate "2010.08.17"]
[EventType "swiss"]
[EventRounds "9"]
[EventCountry "KAZ"]
[SourceTitle "EXT 2013"]
[Source "ChessBase"]
[SourceDate "2012.11.22"]
[SourceVersion "1"]
[SourceVersionDate "2012.11.22"]
[SourceQuality "1"]

1. e4 c5 2. Nf3 d6 3. Bb5+ Bd7 4. Bxd7+ Qxd7 5. 0-0 Nc6 6. c3 Nf6 7. d4 Nxe4 8. d5 Nb8 9. Re1 Nf6 10. Bg5 Na6 11. c4 h6 12. Bd2 0-0-0 13. Nc3 g5 14. a3 e5 15. b4 Ne8 16. bxc5 Nxc5 17. Be3 f6 18. Rb1 Rh7 19. Nb5 Kb8 20. Re2 Nc7 21. Bxc5 Nxb5 22. Rxb5 dxc5 23. Reb2 Qd6 24. Qb1 Rdd7 25. a4 Rhf7 26. Qf5 Rde7 27. Nd2 Rc7 28. Ne4 Qd8 29. a5 Ka8 30. h3 h5 31. g4 1-0

[Event "Maralsay op"]
[Site "Maralsay"]
[Date "2010.08.18"]
[Round "1"]
[White "Aubakirov, Azamat"]
[Black "Alpysbayeva, Aigerim"]
[Result "1-0"]
[WhiteElo "2237"]
[BlackElo "1969"]
[PlyCount "39"]
[EventDate "2010.08.17"]
[EventType "swiss"]
[EventRounds "9"]
[EventCountry "KAZ"]
[SourceTitle "EXT 2013"]
[Source "ChessBase"]
[SourceDate "2012.11.22"]
[SourceVersion "1"]
[SourceVersionDate "2012.11.22"]
[SourceQuality "1"]

1. e4 c5 2. Nf3 e6 3. d4 cxd4 4. Nxd4 Nf6 5. Nc3 Nc6 6. Be2 Bb4 7. Qd3 0-0 8. 0-0 Bxc3 9. bxc3 d5 10. Nxc6 bxc6 11. e5 Nd7 12. Qg3 f5 13. c4 Qc7 14. cxd5 cxd5 15. Ba3 Qxe5 16. Qxe5 Nxe5 17. Bxf8 Kxf8 18. Rab1 Nc6 19. f4 Ke7 20. Rfd1 1-0

[Event "Wch U18 Girls"]
[Site "Kemer"]
[Date "2009.11.22"]
[Round "11"]
[White "Alpysbayeva, Aigerim"]
[Black "Richard, Emma"]
[Result "0-1"]
[WhiteElo "1972"]
[BlackElo "2135"]
[PlyCount "74"]
[EventDate "2009.11.12"]
[EventType "swiss"]
[EventRounds "11"]
[EventCountry "TUR"]
[SourceTitle "EXT 2010"]
[Source "ChessBase"]
[SourceDate "2010.11.25"]
[SourceVersion "1"]
[SourceVersionDate "2010.11.25"]
[SourceQuality "1"]

1. Nf3 Nf6 2. g3 g6 3. Bg2 Bg7 4. 0-0 0-0 5. c4 d6 6. d4 Nc6 7. Nc3 Nd7 8. e4 e5 9. d5 Ne7 10. Be3 f5 11. Qd2 Nf6 12. Nh4 Ng4 13. h3 Nxe3 14. fxe3 Bh6 15. exf5 gxf5 16. Rae1 Ng6 17. Nxg6 hxg6 18. Kh2 Rf7 19. Qe2 Bd7 20. Nd1 Qf8 21. Nf2 Rb8 22. Nd3 b5 23. b3 Qg7 24. e4 f4 25. gxf4 Bxf4+ 26. Nxf4 exf4 27. e5 dxe5 28. c5 Re8 29. c6 Bc8 30. Qxb5 Qh6 31. Qd3 Ref8 32. d6 f3 33. d7 Qf4+ 34. Kh1 Qg3 35. Bxf3 Qxh3+ 36. Kg1 Qg3+ 37. Kh1 Rh7+ 0-1

[Event "Wch U18 Girls"]
[Site "Kemer"]
[Date "2009.11.12"]
[Round "1"]
[White "Alpysbayeva, Aigerim"]
[Black "Kulon, Klaudia"]
[Result "0-1"]
[WhiteElo "1972"]
[BlackElo "2233"]
[PlyCount "82"]
[EventDate "2009.11.12"]
[EventType "swiss"]
[EventRounds "11"]
[EventCountry "TUR"]
[SourceTitle "EXT 2010"]
[Source "ChessBase"]
[SourceDate "2010.11.25"]
[SourceVersion "1"]
[SourceVersionDate "2010.11.25"]
[SourceQuality "1"]

1. d4 d5 2. c4 e6 3. g3 c6 4. b3 dxc4 5. Nf3 cxb3 6. Qxb3 Nf6 7. Nbd2 Qb6 8. Qc2 c5 9. Ba3 Nbd7 10. Rc1 Qa5 11. Bxc5 Nxc5 12. dxc5 Bd7 13. Bg2 Rc8 14. 0-0 Bxc5 15. Qb1 Qb5 16. Nb3 b6 17. Nfd4 Bxd4 18. Rxc8+ Bxc8 19. Nxd4 Qxb1 20. Rxb1 Bd7 21. Rc1 Kd8 22. Bb7 Ke7 23. f4 Rd8 24. Bf3 Rc8 25. Rxc8 Bxc8 26. Nc6+ Kd6 27. Ne5 Nd5 28. Nxf7+ Kc5 29. a3 Nc3 30. Ne5 Nb1 31. Be4 Nxa3 32. Bxh7 Nc4 33. Nd3+ Kd4 34. Kf2 a5 35. h4 a4 36. Nb4 Kc3 37. Nc2 e5 38. f5 Nd6 39. f6 gxf6 40. h5 Bf5 41. Bg6 Bxc2 0-1

[Event "Voronezh op-B 13th"]
[Site "Voronezh"]
[Date "2009.06.15"]
[Round "4"]
[White "Alpysbayeva, Aigerim"]
[Black "Korovin, Viktor"]
[Result "0-1"]
[WhiteElo "1952"]
[BlackElo "2058"]
[PlyCount "74"]
[EventDate "2009.06.12"]
[EventType "swiss"]
[EventRounds "9"]
[EventCountry "RUS"]
[SourceTitle "CBM 130 Extra"]
[Source "ChessBase"]
[SourceDate "2009.07.02"]
[SourceVersion "2"]
[SourceVersionDate "2009.07.15"]
[SourceQuality "1"]

1. d4 d5 2. e3 Bf5 3. c4 e6 4. Nc3 c6 5. Nf3 Nf6 6. cxd5 exd5 7. Bd3 Bg6 8. 0-0 Nbd7 9. Qc2 Be7 10. Nh4 Bxd3 11. Qxd3 g6 12. f4 Ne4 13. Nxe4 Bxh4 14. Nd6+ Ke7 15. Qa3 Kf8 16. Nxb7+ Qe7 17. Qxe7+ Bxe7 18. Na5 Rc8 19. Bd2 Nf6 20. Rac1 Ne4 21. Be1 c5 22. dxc5 Bxc5 23. Bb4 Ke7 24. Bxc5+ Rxc5 25. Rxc5 Nxc5 26. Rc1 Kd6 27. b4 Nd3 28. Rc6+ Kd7 29. b5 Re8 30. Ra6 Rxe3 31. Rxa7+ Kd6 32. h3 Re1+ 33. Kh2 Rb1 34. a4 Nxf4 35. Rxf7 g5 36. Nc6 Rb2 37. Rxh7 Nxg2 0-1

[Event "Voronezh op-B 13th"]
[Site "Voronezh"]
[Date "2009.06.12"]
[Round "1"]
[White "Potapov, Alexander"]
[Black "Alpysbayeva, Aigerim"]
[Result "1-0"]
[WhiteElo "2187"]
[BlackElo "1952"]
[PlyCount "97"]
[EventDate "2009.06.12"]
[EventType "swiss"]
[EventRounds "9"]
[EventCountry "RUS"]
[SourceTitle "CBM 130 Extra"]
[Source "ChessBase"]
[SourceDate "2009.07.02"]
[SourceVersion "2"]
[SourceVersionDate "2009.07.15"]
[SourceQuality "1"]

1. d4 Nf6 2. Nf3 e6 3. Bg5 c5 4. c3 d5 5. e3 Nc6 6. Nbd2 cxd4 7. exd4 Bd6 8. Bd3 0-0 9. 0-0 e5 10. dxe5 Bxe5 11. Nxe5 Nxe5 12. Be2 Bf5 13. Nf3 Nxf3+ 14. Bxf3 Be4 15. Re1 Re8 16. Re3 Qb6 17. Bxf6 Qxf6 18. Qe2 Qg6 19. c4 Qc6 20. cxd5 Bxd5 21. Bxd5 Rxe3 22. Bxf7+ Kxf7 23. Qxe3 Rc8 24. h3 a6 25. Re1 Rc7 26. Qb3+ Kf6 27. Re3 g6 28. Qg8 Qd6 29. Qh8+ Kg5 30. Qe5+ Qxe5 31. Rxe5+ Kf6 32. Re2 h6 33. h4 Rc4 34. g3 h5 35. Kg2 b5 36. Kf3 a5 37. Ke3 Ra4 38. b3 Rb4 39. f3 a4 40. Rb2 Ke5 41. Rb1 Ke6 42. Kd3 Kd5 43. Rd1 Rd4+ 44. Kc2 Rxd1 45. Kxd1 axb3 46. axb3 b4 47. Ke2 Ke6 48. Ke3 Ke5 49. g4 1-0